Arte-Niños: historia del Arte Occidental. Desde el Arte Rupestre hasta el Surrealismo

Guardat en:
Dades bibliogràfiques
Autors principals: Wilson Searle, Ana Luisa (Autor), Gaggero Pisano, Camila (Autor)
Format: Llibre
Idioma:espanyol
Publicat: Santiago RE Producciones Ltda. 2006
Edició:1a. ed
Matèries:
Etiquetes: Afegir etiqueta
Sense etiquetes, Sigues el primer a etiquetar aquest registre!

MARC

LEADER 00000cam a2200000 a 4500
001 UCF2419
003 CL-VaPUC
008 120817e20060000CL |||||||||||||||||spa|d
020 |a 9563080157 
082 0 4 |a 8  |b WIL  |2 21 
100 0 |a Wilson Searle, Ana Luisa  |e author  |9 564056 
700 0 |a Gaggero Pisano, Camila  |e author  |9 564057 
245 1 0 |a Arte-Niños: historia del Arte Occidental. Desde el Arte Rupestre hasta el Surrealismo 
250 |a 1a. ed 
300 |a 187 p 
942 |c BK 
945 |d 20120817 00:00:00  |a dcastane 
260 |a Santiago  |b RE Producciones Ltda.  |c 2006 
650 0 |a Libros infantiles  |9 389584 
650 0 |a Arte rupestre  |9 349639 
650 0 |a Surrealismo  |9 265502 
583 |a last modification  |c 20120817 11:35:00  |k Rodrigo Vera 
999 |c 348984  |d 348982 
952 |0 0  |1 0  |4 0  |6 8_000000000000000_WIL_2006  |7 0  |8 F  |9 451349  |a BIBEDU  |b BIBEDU  |d 2019-11-22  |i 489541K  |o 8 WIL 2006  |p 489541K  |r 2023-01-13  |w 2019-11-22  |y BK_F  |k INE